Rogue states and nuclear outlaws : America's search for a new foreign policy /

Guardado en:
Detalles Bibliográficos
Autor principal: Klare, Michael T.
Formato: Libro
Publicado: New York : Hill and Wang, c1995.
Materias:
Etiquetas: Agregar Etiqueta
Sin Etiquetas, Sea el primero en etiquetar este registro!

MARC

LEADER 00000cam a2200000 a 4500
005 20260418122546.0
020 |a 8174940200  |c TZS 4,688/= 
040 |a MCCL  |b eng.  |e AACR 2nd rev. ed. 
082 0 0 |a 355.02070 KLA 
100 1 |a Klare, Michael T., 
245 1 0 |a Rogue states and nuclear outlaws :  |b America's search for a new foreign policy /  |c Michael Klare. 
260 |a New York :  |b Hill and Wang,  |c c1995. 
300 |a ix, 291 p. ;  |c 24 cm. 
504 |a Includes bibliographical references (p. [233]-281) and index. 
650 0 |a Nuclear weapons  |z United States. 
650 0 |a Nuclear weapons  |z Developing countries. 
650 0 |a World politics 
942 |c BK 
999 |c 12680  |d 12680